The young, the old, and the government: Demographics and fiscal multipliers (Record no. 519405)

000 -LEADER
fixed length control field 01212nam a22001457a 4500
008 - FIXED-LENGTH DATA ELEMENTS--GENERAL INFORMATION
fixed length control field 220311b ||||| |||| 00| 0 eng d
100 ## - MAIN ENTRY--PERSONAL NAME
Personal name Basso, Henrique S. and Rachedi, Omar
245 ## - TITLE STATEMENT
Title The young, the old, and the government: Demographics and fiscal multipliers
260 ## - PUBLICATION, DISTRIBUTION, ETC. (IMPRINT)
Place of publication, distribution, etc American Economic Journal: Macroeconomics
300 ## - PHYSICAL DESCRIPTION
Extent 13(4), Oct, 2021: p.110-141
520 ## - SUMMARY, ETC.
Summary, etc We document that government spending multipliers depend on the population age structure. Using the variation in military spending and birth rates across US states, we show that the local fiscal multiplier is 1.5 and increases with the population share of young people, implying multipliers of 1.1–1.9 in the interquartile range. A parsimonious life cycle open economy New Keynesian model with credit market imperfections and age-specific differences in labor supply and demand explains 87 percent of the relationship between local multipliers and demographics. The model implies that the US population aging between 1980 and 2015 caused a 38 percent drop in national government spending multipliers. – Reproduced
773 ## - HOST ITEM ENTRY
Main entry heading American Economic Journal: Macroeconomics
906 ## - LOCAL DATA ELEMENT F, LDF (RLIN)
Subject DIP PUBLIC FINANCE
942 ## - ADDED ENTRY ELEMENTS (KOHA)
Item type Articles
Holdings
Withdrawn status Lost status Source of classification or shelving scheme Damaged status Not for loan Permanent location Current location Date acquired Serial Enumeration / chronology Barcode Date last seen Koha item type
          Indian Institute of Public Administration Indian Institute of Public Administration 2022-03-11 13(4), Oct, 2021: p.110-141 AR126322 2022-03-11 Articles

Powered by Koha